Central Library OPAC University of Rajshahi

An introduction to social anthropology. (Record no. 74966)

MARC details
000 -LEADER
fixed length control field 00879nam a2200313 a 4500
001 - CONTROL NUMBER
control field 74966
003 - CONTROL NUMBER IDENTIFIER
rucl marc code BD-RjUL
005 - DATE AND TIME OF LATEST TRANSACTION
control field 20211209082628.0
008 - FIXED-LENGTH DATA ELEMENTS--GENERAL INFORMATION
fixed length control field 770202m19501957stkbf b 001 0 eng
035 ## - SYSTEM CONTROL NUMBER
System control number (BD-RjUL)75184
System control number (OCoLC)2716497
040 ## - CATALOGING SOURCE
Original cataloging agency DLC
Transcribing agency ABAU
Modifying agency OCoLC
-- Uk
-- DLC
Language of cataloging eng
041 ## - LANGUAGE CODE
Language code of text/sound track or separate title eng
042 ## - AUTHENTICATION CODE
Authentication code premarc
082 ## - DEWEY DECIMAL CLASSIFICATION NUMBER
Classification number 306
Edition number 23
Author mark and year PII 1963
100 1# - MAIN ENTRY--PERSONAL NAME
Personal name Piddington, Ralph.
9 (RLIN) 226687
245 13 - TITLE STATEMENT
Title An introduction to social anthropology.
250 ## - EDITION STATEMENT
Edition statement 2nd ed.
260 ## - PUBLICATION, DISTRIBUTION, ETC. (IMPRINT)
Place of publication, distribution, etc. Edinburgh,
Name of publisher, distributor, etc. Oliver and Boyd
Date of publication, distribution, etc. 1950 [1963]
300 ## - PHYSICAL DESCRIPTION
Pagination 2 v. (xxvi, 442 p.)
Illustrations plates, maps.
Size 23 cm.
504 ## - BIBLIOGRAPHY, ETC. NOTE
Bibliography, etc Includes bibliographies.
505 ## - FORMATTED CONTENTS NOTE
Formatted contents note vol. 1 -- vol. 2 --
650 #0 - SUBJECT ADDED ENTRY--TOPICAL TERM
Topical term or geographic name as entry element Anthropology.
9 (RLIN) 226688
906 ## - LOCAL DATA ELEMENT F, LDF (RLIN)
a 7
b cbc
c oclcrpl
d u
e ncip
f 19
g y-gencatlg
942 ## - ADDED ENTRY ELEMENTS (KOHA)
Source of classification or shelving scheme Dewey Decimal Classification
Koha item type Books
Holdings
Lost status Source of classification or shelving scheme Damaged status Not for loan Collection code Permanent Location Current Location Shelving location Date acquired Source of acquisition Cost, normal purchase price Total Checkouts Full call number Date last seen Copy number Koha item type
  Dewey Decimal Classification     Non-fiction Central Library, University of Rajshahi Central Library, University of Rajshahi   14/11/1967 Zeitlinger 35.00   306 PII 1963 07/01/2019 C-2 Books
  Dewey Decimal Classification   Not For Loan Non-fiction Central Library, University of Rajshahi Central Library, University of Rajshahi Reading Room 17/11/1967 Zeitlinger 35.00   306 PII 1963 V-1 13/01/2019 C-1 Books
  Dewey Decimal Classification     Non-fiction Central Library, University of Rajshahi Central Library, University of Rajshahi   13/01/2019 Zeitlinger 35.00   306 PII 1963 V-1 13/01/2019 C-2 Books
  Dewey Decimal Classification     Non-fiction Central Library, University of Rajshahi Central Library, University of Rajshahi   04/10/1966 Green Book House, Dacca 22.50   306 PII 1963 19/01/2019 C-4 Books
  Dewey Decimal Classification   Not For Loan Non-fiction Central Library, University of Rajshahi Central Library, University of Rajshahi Reading Room 04/02/2019       306 PII 1957 V-2 04/02/2019 C-1 Books
  Dewey Decimal Classification     Non-fiction Central Library, University of Rajshahi Central Library, University of Rajshahi   04/10/1966 Dhaka green book 22.50   306 PII 1963 V-1 05/02/2019 C-3 Books
  Dewey Decimal Classification     Non-fiction Central Library, University of Rajshahi Central Library, University of Rajshahi   04/10/1966 Dhaka green book 22.50   306 PII 1963 V-1 06/02/2019 C-4 Books
  Dewey Decimal Classification     Non-fiction Central Library, University of Rajshahi Central Library, University of Rajshahi   13/02/2019       306 PII 1963 V-2 13/02/2019 C-2 Books
  Dewey Decimal Classification     Non-fiction Central Library, University of Rajshahi Central Library, University of Rajshahi   30/04/1965 Sweets & Zeitlinger 35.00   306 PII 1963 V-2 13/02/2019 C-3 Books
  Dewey Decimal Classification     Non-fiction Central Library, University of Rajshahi Central Library, University of Rajshahi   30/04/1965 Zeitlinger 35.00   306 PII V-2 1957 19/02/2019 C-5 Books